000 00483nam a2200181Ia 4500
005 20250508152611.0
008 008 250505s9999 xx 000 0 eng d
037 _aTextual
040 _aFEDL
_beng
_cFEDL
041 _aeng
_2eng
084 _a513, BIE
_qFEDL
100 _aBielby A R
_9761911
245 0 _aFirst geometry
260 _aLondon, UK
_bLongmans, Green and Co.
_c1955
300 _aviii,168p.
942 _cTEXL
_h513, BIE
999 _c1337513
_d1337513